Score 0/101 Timer 12:00
0 Plays Today
Ranking Character % Correct
64Superman
59.8%
60Batman
58%
18Mickey Mouse
55%
9Romeo & Juliet
54%
5Hamlet
51.1%
76Hercules
46.1%
12Robin Hood
36%
26Cinderella
33%
8Sherlock Holmes
31.2%
51James Bond
29.9%
3King Arthur
29.4%
33Dracula
28.2%
6Frankenstein
27.1%
72Othello
25.7%
70Peter Pan
25.5%
11Uncle Tom
24.7%
4Santa Claus
24.6%
85Luke Skywalker
24.1%
61Uncle Sam
23.1%
21Smokey Bear
22.9%
24Odysseus
21.3%
65Tom Sawyer & Huckleberry Finn
20.6%
101Paul Bunyan
19.1%
91Dorothy Gale
18.8%
1Marlboro Man
17.7%
34Alice in Wonderland
17.5%
48G. I. Joe
17.5%
57Atticus Finch
16.1%
16Ebenezer Scrooge
15.3%
78Joe Camel
14.6%
93Jay Gatsby
13.5%
35Citizen Kane
13.1%
17Don Quixote
12.5%
59Helen of Troy
12.5%
Ranking Character % Correct
32Archie Bunker
12.2%
74King Kong
12%
52Hansel & Gretel
11.8%
45Venus and Cupid
11.3%
50Captain Kirk & Mr. Spock
10.6%
43Barbie
10.2%
49Tarzan
10.2%
67Kermit the Frog
9.9%
79Cat in the Hat
9.9%
23Apollo & Dionysus
9.5%
37Figaro
9.3%
38Godzilla
9.1%
96Betty Boop
9.1%
10Dr. Jekyll & Mr. Hyde
9.1%
2Big Brother
8.9%
41Bambi
8.9%
14Oedipus
8.7%
53Captain Ahab
8.5%
56Loch Ness Monster
8.1%
28Rosie the Riveter
7.9%
44Buffy the Vampire Slayer
7.8%
77Dick Tracy
7.7%
36Faust
7.6%
42William Tell
7.2%
68Sam Spade
6.7%
40Don Juan
6.5%
62Nancy Drew
6.5%
73The Little Tramp
6.3%
54Rick Blaine
6.2%
22Robinson Crusoe
5.9%
69Pied Piper
5.3%
20Prince Charming
5.2%
89Madame Butterfly
5.2%
80Icarus
4.9%
Ranking Character % Correct
83Amos & Andy
4.9%
95Willy Loman
4.9%
75Norman Bates
4.5%
27Shylock
4.4%
39Mary Richards
4.2%
86Perry Mason
4.1%
47Pandora
3.7%
30Hester Prynne
3.6%
46Prometheus
3.6%
82Sindbad
3.6%
97Ivanhoe
3.6%
63J.R. Ewing
3.4%
87Dr. Strangelove
3.4%
7Siegfried
3.4%
66HAL 9000
3.4%
84Buck Rogers
3.4%
94Buck (Call of the Wild)
3.4%
29Midas
3.2%
13Jim Crow
3.1%
55Ugly Duckling
3%
71Hiawatha
3%
31The Little Engine that Could
2.8%
15Lady Chatterly
2.5%
100John Doe
2.1%
19The American Cowboy
2%
92Wandering Jew
2%
81Mammy
1.8%
25Nora Helmer
1.7%
99Lilith
1.7%
88Pygmalion
1.5%
58Saint Valentine
1.4%
98Elmer Gantry
1.4%
90Hans Beckert
1.2%
Remove Ads.
Support Sporcle.
Get the best of Sporcle when you Go Orange. This ad-free experience offers more features, more stats, and more fun while also helping to support Sporcle. Thank you for becoming a member.

You're not logged in!

Compare scores with friends on all Sporcle quizzes.
OR
Log In

Show Comments

Extras

Top Quizzes Today


Score Distribution

Your Account Isn't Verified!

In order to create a playlist on Sporcle, you need to verify the email address you used during registration. Go to your Sporcle Settings to finish the process.

Report this User

Report this user for behavior that violates our Community Guidelines.

Details: